| 000 | 00730nam a2200217 a 4500 | ||
|---|---|---|---|
| 999 |
_c3851 _d3851 |
||
| 001 | 3851 | ||
| 003 | BD-JhCC | ||
| 005 | 20180306194108.0 | ||
| 008 | 171119s1996 bg a|||| ||a| 000 0 ben d | ||
| 035 | _a(BD-JhCC)3851 | ||
| 040 |
_aBD-JhCC _dBD-JhCC |
||
| 041 | _aben | ||
| 082 |
_a891.4409 _bBAN 1996 |
||
| 245 |
_aবাংলা একাডেমী স্মারকগ্রন্থ চল্লিশ বর্ষ পূর্তি / _cমনসুর মুসা সম্পাদিত |
||
| 260 |
_aঢাকা : _bবাংলা একাডেমী, _c1996 |
||
| 300 |
_a540 p. : _c20 cm |
||
| 650 | _aCollection of Essays | ||
| 700 | _a মুসা, মনসুর | ||
| 942 |
_2ddc _cBK |
||